| 000 | 00654nam a2200277Ia 4500 | ||
|---|---|---|---|
| 005 | 20260324131219.0 | ||
| 008 | 008 260324s9999 xx 000 0 eng d | ||
| 020 | _a9780203099193 | ||
| 037 | _aEBOOK | ||
| 040 | _aCRL | ||
| 040 | _beng | ||
| 040 | _cCRL | ||
| 041 | _2eng | ||
| 041 | _aeng | ||
| 084 | _qCRL | ||
| 100 |
_aNick Gallent; Johan Andersson; Marco Bianconi _91184657 |
||
| 245 | 0 | _aPlanning on the Edge | |
| 260 | _bTaylor and Francis | ||
| 260 | _c2006 | ||
| 365 | _a | ||
| 365 | _b275 | ||
| 856 | _uhttp://www.taylorfrancis.com/books/9780203099193 | ||
| 942 | _cEBOOK | ||
| 999 |
_c1781606 _d1781606 |
||